D'un pays à un autre - Statistiques

Statistiques générales
  • Ce quiz a été pris 288 fois
  • Le résultat moyen est 7 sur 7
Statistiques - réponses
Réponse % Correct
Espagne
100%
France
100%
Allemagne
98%
Pologne
97%
Biélorussie ou Ukraine
95%
Russie
94%
Corée du Nord
92%
Aucun quiz correspondant
Distribution des résultats
% des personnes avec chaque résultat
Percentile par nombre de réponses
Votre historique - résultats
Vous n’avez pas pris ce quiz